• 首页
  • 本馆介绍
  • 公告通知
  • 最新文献
  • 馆藏检索
  • 电子资源
  • 读者导购
  • 参考咨询
  • 我的图书馆
  • 登录
  • 详细信息显示
  • 放入我的书架
  • 预约/预借图书
  • 作者相关作品
  • 分类相关作品
  • 丛书相关作品
  • 出版社相关作品

书目信息

  • 表格格式
  • 工作单格式
  • 卡片格式
题名:
王怀琪精功八段锦
    
 
作者: 王怀琪 原著 ;三武组 整理
分册:  
出版信息: 合肥   安徽科学技术出版社  2018
页数: 223页
开本: 26cm
丛书名: 武术秘本图解丛书
单 册:
中图分类: G852.919 , G852
科图分类:
主题词: 八段锦--图解
电子资源:
ISBN: 978-7-5337-7612-1
000 00873nam0 2200253 450
001 2370942161
005 20231208194326.10
010    @a978-7-5337-7612-1@dCNY 35.00
100    @a20181009d2018 em y0chiy0120 ea
101 0  @achi
102    @aCN@b340000
105    @aa z 000yy
200 1  @a王怀琪精功八段锦@Awang huai qi jing gong ba duan jin@b专著@f王怀琪原著@g三武组整理
210    @a合肥@c安徽科学技术出版社@d2018
215    @a223页@d26cm
225 1  @a武术秘本图解丛书
330    @a本书对民国时期著名体育教育家、武术家王怀琪所著述的《八段锦》原作进行了点校、勘误和增补。包括王怀琪高级八段锦、简易八段锦和八段锦参考图谱等三个章节的内容。
606 0  @a八段锦@j图解
690    @aG852.919@v5
690    @aG852@v4
701  0 @a王怀琪@Awang huai qi@f(1892-1963)@4原著
712 02 @a三武组@Asan wu zu@4整理
801  2 @aCN@b辽宁北配@c20231205
905    @dG852@e81
    
    王怀琪精功八段锦/王怀琪原著/三武组整理.-合肥:安徽科学技术出版社,2018
    223页;26cm.-(武术秘本图解丛书)
    
    
    ISBN 978-7-5337-7612-1:CNY 35.00
    本书对民国时期著名体育教育家、武术家王怀琪所著述的《八段锦》原作进行了点校、勘误和增补。包括王怀琪高级八段锦、简易八段锦和八段锦参考图谱等三个章节的内容。
●
相关链接 在五车中查询图书 在当当中查询图书 在豆瓣中查询图书


正题名:王怀琪精功八段锦     索取号:G852/81         预约/预借

序号 登录号 条形码 馆藏地/架位号 状态 备注
1 2001561664   2001561664   辽三/辽宁北配(第三批)/1389/ [索取号:G852/81] 在馆    
2 2001561665   2001561665   辽三/辽宁北配(第三批)/1389/ [索取号:G852/81] 在馆    
3 2001561666   2001561666   辽三/辽宁北配(第三批)/1389/ [索取号:G852/81] 在馆    
4 2001561667   2001561667   辽三/辽宁北配(第三批)/1389/ [索取号:G852/81] 在馆    
5 2001561668   2001561668   辽三/辽宁北配(第三批)/1389/ [索取号:G852/81] 在馆    
6 2001561669   2001561669   辽三/辽宁北配(第三批)/1389/ [索取号:G852/81] 在馆    
7 2001561670   2001561670   辽三/辽宁北配(第三批)/1389/ [索取号:G852/81] 在馆    
8 2001561671   2001561671   辽三/辽宁北配(第三批)/1389/ [索取号:G852/81] 在馆    
9 2001561672   2001561672   辽三/辽宁北配(第三批)/1389/ [索取号:G852/81] 在馆    
10 2001561673   2001561673   辽三/辽宁北配(第三批)/1389/ [索取号:G852/81] 在馆    
11 2001561674   2001561674   辽三/辽宁北配(第三批)/1389/ [索取号:G852/81] 在馆    
12 2001561675   2001561675   辽三/辽宁北配(第三批)/1389/ [索取号:G852/81] 在馆    
13 2001561676   2001561676   辽三/辽宁北配(第三批)/1389/ [索取号:G852/81] 在馆    
14 2001561677   2001561677   辽三/辽宁北配(第三批)/1389/ [索取号:G852/81] 在馆    
15 2001561678   2001561678   辽三/辽宁北配(第三批)/1389/ [索取号:G852/81] 在馆    
16 2001561679   2001561679   辽三/辽宁北配(第三批)/1389/ [索取号:G852/81] 在馆    
17 2001561680   2001561680   辽三/辽宁北配(第三批)/1389/ [索取号:G852/81] 在馆    
18 2001561681   2001561681   辽三/辽宁北配(第三批)/1389/ [索取号:G852/81] 在馆    
19 2001561682   2001561682   辽三/辽宁北配(第三批)/1389/ [索取号:G852/81] 在馆    
20 2001561683   2001561683   辽三/辽宁北配(第三批)/1389/ [索取号:G852/81] 在馆    
21 2001561684   2001561684   辽三/辽宁北配(第三批)/1389/ [索取号:G852/81] 在馆    
22 2001561685   2001561685   辽三/辽宁北配(第三批)/1389/ [索取号:G852/81] 在馆    
23 2001561686   2001561686   辽三/辽宁北配(第三批)/1389/ [索取号:G852/81] 在馆    
24 2001561687   2001561687   辽三/辽宁北配(第三批)/1389/ [索取号:G852/81] 在馆    
25 2001561688   2001561688   辽三/辽宁北配(第三批)/1389/ [索取号:G852/81] 在馆    
26 2001561689   2001561689   辽三/辽宁北配(第三批)/1389/ [索取号:G852/81] 在馆    
27 2001561690   2001561690   辽三/辽宁北配(第三批)/1389/ [索取号:G852/81] 在馆    
28 2001561691   2001561691   辽三/辽宁北配(第三批)/1389/ [索取号:G852/81] 在馆    
29 2001561692   2001561692   辽三/辽宁北配(第三批)/1389/ [索取号:G852/81] 在馆    
30 2001561693   2001561693   辽三/辽宁北配(第三批)/1389/ [索取号:G852/81] 在馆    
山东省滨州职业学院图书馆 欢迎您!
大连网信软件有限公司© 版权所有